Subdivisions of Honduras - Statistics

General Stats
  • This quiz has been taken 37 times
  • The average score is 11 of 18
Answer Stats
Answer % Correct
El Paraiso
86%
Gracias a Dios
86%
La Paz
86%
Atlantida
71%
Comayagua
71%
Francisco Morazan
71%
Ocotepeque
71%
Santa Barbara
71%
Valle
71%
Yoro
71%
Colon
57%
Copan
57%
Cortes
57%
Intibuca
57%
Lempira
57%
Olancho
57%
Islas de la Bahia
29%
Cholutaca
14%
No matching quizzes found
Score Distribution
Percent of People with Each Score
Percentile by Number Answered
Your Score History
You have not taken this quiz